Matt Damon - Sudden Death - Statistics

General Stats
  • This quiz has been taken 397 times
  • The average score is 9 of 18
Answers on the Grid
Answers color-coded by a green-red scale on the quiz's grid according to % correct below.
Three Kings
The Last Duel
Shooter
Contraband
The Talented Mr Ripley
Goodwill Hunting
The Green Zone
Patriots Day
Ocean’s Twelve
Armageddon
The Fighter
The Bourne Ultimatum
Lone Survivor
We Bought a Zoo
The Departed
Burn After Reading
The Martian
Elysium
School Ties
The Bourne Supremacy
Inception
Dogma
Saving Private Ryan
The Rainmaker
Oppenheimer
Blood Diamond
Finding Forrester
The Revenant
Django Unchained
Courage Under Fire
 
Answer Stats
Answer % Correct
Goodwill Hunting
89%
The Bourne Ultimatum
79%
The Martian
74%
Ocean’s Twelve
72%
The Talented Mr Ripley
72%
The Bourne Supremacy
71%
The Departed
64%
Saving Private Ryan
63%
We Bought a Zoo
52%
Oppenheimer
51%
Elysium
44%
The Last Duel
38%
Dogma
29%
The Green Zone
28%
The Rainmaker
25%
Courage Under Fire
17%
School Ties
17%
Finding Forrester
13%
No matching quizzes found
Score Distribution
Percent of People with Each Score
Percentile by Number Answered
Your Score History
You have not taken this quiz